| 000 | 01092nam a2200277 i 4500 | ||
|---|---|---|---|
| 001 | 13655 | ||
| 003 | ES-MaACL | ||
| 005 | 20250829062526.0 | ||
| 007 | t| | ||
| 008 | 930119s1991 sp |||| | spa d | ||
| 020 | _a84-362-2602-X | ||
| 080 | _a327(460:4)"18/19"(063) | ||
| 080 | _a327(469:4)"18/19"(063) | ||
| 111 | 2 |
_aJornadas de Estudios Luso-Españoles ( _n3ª. _d1990. _cMérida) _9794 |
|
| 245 | 1 | 0 |
_aPortugal, España y Europa _b: cien años de desafío (1890-1990) / _c(III Jornadas de Estudios Luso-Españoles, Mérida) ; Hipólito de la Torre Gómez (coord.). |
| 250 | _a1ª ed. | ||
| 260 |
_aMadrid : _bUniversidad Nacional de Educación a Distancia, _c1991. |
||
| 300 |
_a169 p. ; _c24 cm. |
||
| 504 | _aBibliografía. | ||
| 651 | 4 |
_aEspaña- _xRelaciones- _zEuropa- _vCongresos y asambleas. _9170078 |
|
| 651 | 4 |
_aPortugal- _xRelaciones- _zEuropa- _vCongresos y asambleas. _9170079 |
|
| 700 | 1 |
_aTorre Gómez, Hipólito de la. _9110776 |
|
| 710 | 2 |
_aUniversidad Nacional de Educación a Distancia (España) _97405 |
|
| 852 |
_aES-MaACL _jL-21025 |
||
| 999 |
_c13655 _d13655 |
||